| 000 | 02511nam a22003617a 4500 | ||
|---|---|---|---|
| 005 | 2009121505555.0 | ||
| 008 | 091214t xxu||||| |||| 00| 0 eng d | ||
| 010 | _aB-380241-251 | ||
| 020 |
_a9788184510249 _c200.00 |
||
| 035 | _aB-380241-251 | ||
| 037 | _bUBH | ||
| 040 |
_adpl _bEnglish |
||
| 082 | _a503 | ||
| 245 |
_aSky and earth / _ccompiled by Ruchi Batra |
||
| 260 |
_aNew Delhi _bDreamland Publications _c2008 |
||
| 270 |
_aJ-128, Kirti Nagar, _bNew Delhi _e110015 |
||
| 300 |
_a80p.: _bcol. ill. _c28cm(Hb) |
||
| 490 | _aKid's first library of knowledge ; book-7 | ||
| 700 | _aBatra, Ruchi | ||
| 942 |
_2ddc _cCH _h503 _mSKY |
||
| 999 |
_c32809 _d32809 |
||